<The> world book of word power language

Guardado en:
Detalles Bibliográficos
Formato: Libro
Lenguaje:inglés
Publicado: Chicago World Book, Inc. 1994
Materias:
Etiquetas: Agregar Etiqueta
Sin Etiquetas, Sea el primero en etiquetar este registro!

MARC

LEADER 00000nam a2200000 4500
001 c105276
005 20221123112943.8
020 |a 0-7166-3238-1 
041 0 |a eng 
044 |a US 
245 1 0 |a <The> world book of word power  |b language 
264 1 |a Chicago  |b World Book, Inc.  |c 1994 
300 |a 194 s. 
610 2 0 |a jazykoveda 
610 2 0 |a terminológia 
610 2 0 |a jazyky cudzie 
610 2 0 |a angličtina